000 00490nam a2200205Ia 4500
005 20250425162709.0
008 250425s9999 xx 000 0 und d
041 _aspa
043 _aec
082 _a627.04
100 _aSAENZ, MELIO
245 0 _aIII CONGRESO NACIONAL DE HIDRAULICA
250 _aS.E
260 _aCUENCA
260 _aEcuador
_bECUADOR, UNIVERSIDAD DE CUENCA
_c1980
300 _a64
650 _aCONSTRUCCIONES HIDRAULICAS
942 _c01
010 _a97381
999 _c234595
_d234595